000 00331nam a22001457a 4500
008 230616b ||||| |||| 00| 0 eng d
020 _a9780747802570
041 _aeng
080 _a616.31
082 _a616.31WAR
100 _a12
101 _aSTO
245 _aOLD MEDICAL AND DENTAL INSTRUMENTS
_cWARREN.D
942 _2udc
_cBK
999 _c60007
_d60007